| 000 | 00606nam a22001937a 4500 | ||
|---|---|---|---|
| 999 |
_c187557 _d187557 |
||
| 005 | 20220422170753.0 | ||
| 010 | _aENG-132363 | ||
| 020 |
_a9788123780481 _c125.00 |
||
| 035 | _aEN-115895 | ||
| 037 | _bDBAD/PUB | ||
| 082 |
_a512.70954 _b1 |
||
| 100 | _aDeshpande, S.P. | ||
| 245 |
_aConcept of ZERO/ _cS.P. Deshpande |
||
| 250 | _a1st edition | ||
| 260 |
_aNew Delhi _bNational Book Trust |
||
| 270 |
_aNehra Bhawan, 5 Institutional Area , Phase- 11 , Vasant Kunj _bDelhi _e110070 |
||
| 300 |
_aix, 129p. _bAcknowledgement , preface _c21.8cm(pbk) |
||
| 942 |
_2ddc _cEN _h512.70954 _mDES |
||